000 00685nam a22002057a 4500
003 OSt
005 20251010051922.0
008 251010b |||||||| |||| 00| 0 eng d
020 _a978-1-4443-3949-9
040 _aDWC-Main Lib.
_cOC
100 _aDAVIES, NICHOLAS B.
245 _aAn introduction to behavioral ecology/
_cDAVIES, NICHOLAS B.
260 _aUnited Kingdom :
_bWiley-Blackwell,
_cc2012.
300 _axii, 506 pages :
_billustrations (some color) ;
_c25 cm.
504 _aIncludes bibliographical references.
650 _a1. Animal behavior.
650 _a2. Animal behavior--Evolution.
650 _a3. Animal ecology.
942 _2ddc
_cBK-CIRC
_hCirc.
_n0
999 _c4822
_d4822